000 01947nam a22002897a 4500
999 _c21979
_d21979
003 AR-CdUCM
008 190425b ||||| |||| 00| 0 spa d
040 _aMUNICIPALIDAD PROVINCIAL DEL CUSCO
_cBIBLIOTECA MUNICIPAL DEL CUSCO
082 _aCsyArts/N°1/1954
245 _aCiencias y Artes :
_bRevista de Cultura /
_cÓrgano de la Gran Unidad Escolar Inca Garcilaso de la Vega
260 _aCusco.
_bGarcilaso,
_c1954.
300 _a100 páginas. :
_bilustraciones ;
_c21 cm.
440 _aRevista de Cultura Ciencias y Artes.
_nAño I, Número 1, diciembre de 1954.
_947040
505 _aContenido: Apuntes para un estudio de la vida de don Manuel de Mollinedo. Horacio Villanueva Urteaga. -- Principios metodológicos que se aplican en la enseñanza de la Física. Lucio Bueno V. -- Escritura de la lengua Aymara y Quechua. Efraín Morote Best. -- Emigración de estudiantes peruanos al extranjero. Arístides Vega Navarro. -- Apuntes para la Sociología peruana. Sócrates Miranda. -- La teoría funcional del aprendizaje en acción. Francisco Carrasco Z. -- Madre de Dios, hoya independiente. Julio Gonzales del Castillo. -- Posibilidad de la reforma de educación técnica en el Perú. Segundo Villasante Ortiz. -- Apuntes sobre el rio Watanay. César Sánchez. -- Algunos aspectos de la enseñanza de la Psicología. Miguel Ángel Huamán. -- Funciones de los departamentos Psicopedagógicos en la actual organización de la educación secundaria. José Manzanares. -- Himno al Colegio de Ciencias...
650 _aManuel de Mollinedo y Angulo
_95791
650 _aAymara
_97964
650 _aQuechua
_92063
650 _aRio Huatanay
_947041
650 _aEducación
_9460
700 _aVillanueva Urteaga, Horacio
_95790
700 _aMorote Best, Efraín
_947042
700 _aRoel Pineda, Josafat
_922398
700 _aNuñez del Prado, Oscar
_95531
700 _aBaca Mendoza, Oswaldo
_929966
942 _2ddc
_cPP
945 _arac